| 000 | 00588nam a2200241 a 4500 | ||
|---|---|---|---|
| 001 | 0001-1372 | ||
| 003 | ELIB.Books | ||
| 008 | 160712 2010 eng | ||
| 020 | _a157312320x | ||
| 035 | _a(ELIB.Books)0001-1527 | ||
| 092 |
_a262 _bHam |
||
| 100 | _aMammet, Edward H. | ||
| 245 | _aMaking the Church Work | ||
| 260 |
_aMacon, Georggia: _bSmyth & Helwys, Inc. _c2000 |
||
| 300 |
_a117 _c19.5 Cm |
||
| 500 | _aKBTS | ||
| 650 | _aChurch Renewal | ||
| 856 |
_nKBTS Library _uElib |
||
| 942 |
_2ddc _cBK |
||
| 990 | _a1 | ||
| 998 |
_cbat _e2016-07-12 |
||
| 999 |
_c11372 _d11372 |
||